Do the Worm! Quiz Stats

Quiz Updated Jan 5, 2016

Challenge
Share
Tweet
Embed
Score 0/16 Timer 05:00
4 Plays Today
Hint Worm % Correct
Someone who loves to readBookworm
99.6%
A portal through spacetimeWormhole
92%
Caterpillar that produces a textile materialSilkworm
88.1%
Fungal infection that leaves a circular markRingworm
80.5%
Horrifying digestive system parasiteTapeworm
70.6%
Common name for various groups of bioluminescent insect larvaeGlow worm
56.2%
Peter Pettigrew's nicknameWormtail
48.6%
That song you can't get out of your headEarworm
48.1%
Hint Worm % Correct
An expression analogous to 'Pandora's Box'Can of Worms
42.7%
Flustered 'Calvin and Hobbes' teacherMiss Wormwood
39.6%
Fictional desert-dwelling creature from the Dune universeSandworm
31%
J. R. R. Tolkien's corrupted royal advisorGrima Wormtongue
28.8%
Children's book about an unappetizing betHow to Eat Fried Worms
20.1%
Historical council regarding Martin LutherDiet of Worms
17.8%
Parody hero who fights Queen Slug-for-a-ButtEarthworm Jim
10.3%
Edgar Allan Poe poem about inevitability of deathThe Conqueror Worm
3.5%

You're not logged in!

Compare scores with friends on all Sporcle quizzes.
Join for Free
OR
Log In

You Might Also Like...

Show Comments

Extras

Top Quizzes Today


Score Distribution

Your Account Isn't Verified!

In order to create a playlist on Sporcle, you need to verify the email address you used during registration. Go to your Sporcle Settings to finish the process.

Report this User

Report this user for behavior that violates our Community Guidelines.

Details: